Statistics for Countries that Beat South Africa

Click here to take the quiz!

General Stats

  • This quiz has been taken 21,207 times
    (21,191 since last reset)
  • The average score is 13 of 17

Answer Stats

RankCategoryCountries% Correct
8Most wild elephantsBotswana | Zimbabwe | Tanzania | India |
Kenya | Namibia | Zambia
98%
5Southernmost country
* Excluding European possesions
Chile | Argentina | Australia | New Zealand
98%
6Most populous African countryNigeria | Ethiopia | Egypt | D.R. Congo | Tanzania
98%
9Biggest country in Africa by areaAlgeria | D.R. Congo | Sudan | Libya |
Chad | Niger | Angola | Mali
94%
4 (t)Greatest number of oceans borderedCanada | Russia | United States
91%
4African country with the longest coastlineMadagascar | Mozambique | Egypt
88%
8 (t)Most gold produced (2018)China | Australia | Russia | United States |
Canada | Peru | Indonesia
84%
2Greatest number of other countries whose
territory it completely surrounds
Italy
82%
8Highest HDI country in Africa
* HDI measures health, education, and income
Seychelles | Mauritius | Algeria | Tunisia |
Botswana | Libya | Gabon
77%
2 (t)Most top 3 finishes in the Rugby World CupNew Zealand
75%
3Most recent country to host a
men's FIFA World Cup
Qatar | Russia | Brazil
75%
2Most people of Dutch ancestry
* Outside the Netherlands
United States
73%
5Earliest legalization of same sex marriageNetherlands | Belgium | Spain | Canada
69%
2Country with the most populous urban
area beginning with J
Indonesia
67%
8Highest murder rateEl Salvador | Jamaica | Venezuela | Honduras |
Lesotho | Belize | St. Vincent and the Grenadines
64%
16Highest income inequality between the
richest 10% and poorest 10%
Namibia | Bolivia | Sierra Leone |
Central African Republic | Colombia | Honduras |
Haiti | Panama | Niger | Botswana | Lesotho |
Paraguay | El Salvador | Ecuador | Guatemala
44%
4Most official languagesBolivia | Zimbabwe | Mali
29%

Score Distribution

Percentile by Number Answered

Percent of People with Each Score

Your Score History

You have not taken this quiz since the last reset